000 00768cam a2200253 a 4500
001 000014315
005 20250528135752.0
008 900618s1991 pr ah b 000 0 spa d
020 _a0929441249
040 _aDO-SdBNP
_cDLC
_dBNPHU
043 _anwpr---
082 _a331.125
_bS247m, 1991
100 1 _aSarramía, Tomás,
_932281
245 1 3 _aEl mundo del empleo /
_cTomás Sarramía.
250 _a2a ed.
260 _aSan Juan, Puerto Rico :
_bPublicaciones Puertorriqueñas,
_c1991.
300 _axii, 328 p. :
_bil., fasc. ;
_c23 cm.
500 _a2a ed. revisada y aumentada
500 _aIncluye notas al pie de las páginas
650 4 _aBusqueda de empleo
_93801
650 0 _aEmpleos
_932282
910 _aCatalogación derivada
049 _aBNGR
999 _c13910
_d13910